The color of the skin doesn't matter : (Record no. 34277)
[ view plain ]
| 000 -LEADER | |
|---|---|
| fixed length control field | 00636nam a22001937a 4500 |
| 008 - FIXED-LENGTH DATA ELEMENTS--GENERAL INFORMATION | |
| fixed length control field | 211027b ||||| |||| 00| 0 eng d |
| 040 ## - CATALOGING SOURCE | |
| Transcribing agency | CUZ |
| Modifying agency | CUZ |
| Description conventions | rda |
| 050 ## - LIBRARY OF CONGRESS CALL NUMBER | |
| Classification number | PZ3 |
| Item number | MCL |
| 100 ## - MAIN ENTRY--PERSONAL NAME | |
| Personal name | Mclaughlin, Janice MM. |
| 245 ## - TITLE STATEMENT | |
| Title | The color of the skin doesn't matter : |
| Remainder of title | a missioner's tale of faith and politics / |
| Statement of responsibility, etc. | Janice Mclaughlin, MM. |
| 264 ## - PRODUCTION, PUBLICATION, DISTRIBUTION, MANUFACTURE, AND COPYRIGHT NOTICE | |
| Place of production, publication, distribution, manufacture | Harare : |
| Name of producer, publisher, distributor, manufacturer | Weaver press, |
| Date of production, publication, distribution, manufacture, or copyright notice | c2021 |
| 300 ## - PHYSICAL DESCRIPTION | |
| Extent | xvi, 235pages : |
| Other physical details | illustrations, plates; |
| Dimensions | 20cm. |
| 650 ## - SUBJECT ADDED ENTRY--TOPICAL TERM | |
| Topical term or geographic name entry element | Biography |
| 942 ## - ADDED ENTRY ELEMENTS (KOHA) | |
| Koha item type | OS Book |
| 336 ## - CONTENT TYPE | |
| Content type term | text |
| Content type code | txt |
| 337 ## - MEDIA TYPE | |
| Media type term | unmediated |
| Media type code | n |
| 338 ## - CARRIER TYPE | |
| Source | rdacarrier |
| Withdrawn status | Lost status | Source of classification or shelving scheme | Damaged status | Not for loan | Collection code | Home library | Current library | Shelving location | Date acquired | Source of acquisition | Inventory number | Total Checkouts | Full call number | Barcode | Date last seen | Price effective from | Koha item type | Total Renewals | Date last checked out |
|---|---|---|---|---|---|---|---|---|---|---|---|---|---|---|---|---|---|---|---|
| Non-fiction | CUZ Harare Campus | CUZ Harare Campus | Open Shelf | 27.06.2021 | Donation | CU14277 | PZ3MCL | BK009121 | 27.10.2021 | 27.10.2021 | OS Book | ||||||||
| Non-fiction | CUZ Harare Campus | CUZ Harare Campus | Open Shelf | 27.06.2021 | Donation | CU14276 | 1 | PZ3MCL | BK009127 | 22.05.2025 | 27.10.2021 | OS Book | 3 | 27.10.2021 | |||||
| Non-fiction | CUZ Harare Campus | CUZ Harare Campus | Open Shelf | 27.06.2021 | Donation | CU14275 | PZ3MCL | BK009118 | 27.10.2021 | 27.10.2021 | OS Book |